7 Largest Cities in Mato Grosso - Statistics

General Stats
  • This quiz has been taken 37 times
  • The average score is 6 of 7
Answer Stats
Population City % Correct
611980 Cuiabá
100%
230480 Rondonópolis
94%
123480 Sinop
88%
285910 Várzea Grande
84%
83300 Sorriso
78%
83010 Cáceres
66%
97940 Tangará da Serra
66%
No matching quizzes found
Score Distribution
Percent of People with Each Score
Percentile by Number Answered
Your Score History
You have not taken this quiz